Årets Hjemmesnekk deltagere 2022 (Easy) - Statistics

General Stats
  • This quiz has been taken 41 times
  • The average score is 5 of 14
Answer Stats
Hint Answer % Correct
3.PlassOHG Gutter Segertåget
94%
1.PlassNesbru Gutter Klask
89%
4.PlassBlindern Gutter Shaka
64%
6.PlassEikeli Gutter Skallebank
58%
2.PlassLørenskog Jenter Sukse
50%
11.PlassOHG Jenter Hedkandi
36%
14.PlassEikeli Jenter Bellini
28%
7.PlassNesbru Jenter Lætits
22%
10.PlassRingerike Gutter Hammered
19%
12.PlassStabekk Jenter Mani
19%
9.PlassOHG Jenter Stamina
14%
5.PlassNadderud Jenter Tjommis
14%
8.PlassSarpsborg Gutter Bouncer
8%
13.PlassBlindern/Ohg Jenter Skaal
6%
No matching quizzes found
Score Distribution
Percent of People with Each Score
Percentile by Number Answered
Your Score History
You have not taken this quiz